[Event "Sofia MTel Masters 5th"]
[Site "Sofia"]
[Date "2009.05.21"]
[Round "8"]
[White "Ivanchuk, Vassily"]
[Black "Carlsen, Magnus"]
[Result "1/2-1/2"]
[WhiteElo "2746"]
[BlackElo "2770"]
[Annotator "Kritz,L"]
[PlyCount "81"]
[EventDate "2009.05.13"]
[EventType "tourn"]
[EventRounds "10"]
[EventCountry "BUL"]
[EventCategory "21"]
[SourceTitle "CBM 131"]
[Source "ChessBase"]
[SourceDate "2009.07.15"]
[SourceVersion "1"]
[SourceVersionDate "2009.07.15"]
[SourceQuality "1"]

1. e4 c5 2. Nf3 Nc6 3. Nc3 {Der Grund, warum Weiß nicht 3.d4 spielt, ist, dass
er mit dieser Zugfolge die Sweschnikow-Variante vermeidet.} ({Nach} 3. d4 {
kann Weiß Sweschnikow nicht mehr ausweichen.} cxd4 4. Nxd4 Nf6 5. Nc3 e5 6.
Ndb5 d6 $132 {mit 30-Züge langer Theorie.}) ({Eine vernünftige Alternative ist
} 3. Bb5 $5 g6 4. Bxc6 dxc6 5. d3 Bg7 6. h3 {und Weiß bekommt eine Stellung,
die er relativ risikofrei spielen kann.}) 3... g6 {Die Drachen-Variante wurde
in letzter Zeit zur Spezialität von Magnus Carlsen.} 4. d4 cxd4 5. Nxd4 Bg7 6.
Be3 Nf6 7. Bc4 ({Nach} 7. Nxc6 bxc6 (7... dxc6 8. Qxd8+ Kxd8 9. Bc4 Ke8 10. f3
$14) 8. e5 {muss Schwarz den Bauer opfern:} Nd5 $1 (8... Ng8 9. Bd4 f6 10. f4
Qa5 11. Qe2 $14 {Volokitin - Tiviakov (Copenhagen, 2002)}) 9. Nxd5 cxd5 10.
Qxd5 Rb8 11. Bc4 O-O 12. O-O-O Qc7 $44 {und Schwarz hatte gute Kompensation in
Firman - Efimenko (Lvov, 2001)}) 7... O-O 8. Bb3 d6 {Wohl der beste Zug. Die
Alternativen sind nicht so gut.} ({Ein bekannter Fehler ist} 8... Na5 $2 {Nach}
9. e5 Ne8 10. Bxf7+ $3 Kxf7 (10... Rxf7 11. Ne6 $18) 11. Ne6 $1 $18 {gewinnt
Weiß die Dame oder setzt den gegnerischen König Matt (im Fall von 11....Kxe6)})
({Nicht gut für Schwarz ist auch die Variante} 8... a5 $6 9. O-O a4 10. Nxa4
Nxe4 11. Nb5 Ra6 12. c4 d6 13. Qe2 $14 {Weiß kontrolliert alle wichtigen
Felder im Zentrum, dazu ist der Damenflügel von Schwarz sehr kompromittiert.})
({Kaum zu empfehlen ist} 8... Ng4 $6 9. Qxg4 Nxd4 10. Qd1 Nxb3 11. axb3 {
, denn obwohl Schwarz den weißen Läufer vernichtet, hat er zu viele Schwächen
im eigenen Lager - der König ist anfällig, der Bauer a7 hängt, das Feld d5 und
die d-Linie stehen den weißen Figuren zur Verfügung.} b6 12. Qd2 Bb7 13. Bh6
$14 {Bologan - Wirthensohn (Bern, 1998)}) 9. f3 {Weiß muss sich gegen die
Drohung 9....Ng4 verteidigen.} Bd7 10. Qd2 Nxd4 {Schwarz will nicht warten bis
Weiß lang rochiert und beginnt aktives Spiel am Damenflügel. Dies hat seine
Vor- und Nachteile. Der Hauptvorteil ist, dass Weiß nicht mehr lang rochieren
kann. Der Hauptnachteil ist, dass im Fall weißer kurzer Rochade die schwarzen
Bauern am Damenflügel anfällig werden können.} (10... Rc8 11. O-O-O {führt zur
Hauptstellung der normalen Drachen-Variante.}) (10... Qa5 11. O-O-O Rfc8 12.
Kb1 Ne5 {geht in die Drachen-Variante über.}) ({Auch nach} 10... Ne5 11. O-O-O
{entsteht die Hauptvariante im Drachen.}) 11. Bxd4 b5 12. h4 ({Wenig
verspricht die sofortige Aktion am Damenflügel} 12. a4 bxa4 (12... a6 $2 {
sieht sehr künstlich aus.} 13. O-O Bc6 14. axb5 axb5 15. Na2 Bb7 16. Nb4 $16 {
Kramnik - Van Wely (Wijk aan Zee, 2004) Der Bauer auf b5 ist sehr schwach.}) ({
Dagegen verdient Betrachtung} 12... b4 $5 13. Nd5 Nxd5 14. Bxg7 Kxg7 15. exd5
Qa5 16. Qd4+ Kg8 17. O-O Rac8 18. Rfe1 Rfe8 19. Kh1 Qc5 20. Qh4 e5 $132 {
Mamedov - Guseinov (Kocaeli, 2008)}) 13. Nxa4 (13. Bxa4 Bxa4 14. Rxa4 Qb8 15.
O-O {1/2-1/2 Nijboer - Tiviakov (Hilversum, 2007)}) 13... Be6 $1 14. Bxe6 fxe6
15. O-O Qc7 16. Nc3 Rfc8 $132 {und Schwarz hatte keine Sorgen in Vallejo Pons
- Anand (Leon, 2008)}) (12. O-O $5 {Die kurze Rochade bietet sich an.} b4 $1 {
Nur so! Schwarz muss in diesem Moment sehr aufpassen und nicht auf das logisch
aussehende 12...a5 verfallen.} (12... a5 $6 13. a4 b4 14. Nd5 Nxd5 15. exd5
Bxd4+ 16. Qxd4 Re8 17. Rfe1 $14 {Weiß steht klar besser, weil Schwarz noch
nicht mal ansatzweise etwas Gegenspiel hat.}) 13. Nd5 Nxd5 14. exd5 Bxd4+ 15.
Qxd4 a5 $1 {Jetzt kann Weiß nicht mehr so gut a4 spielen, daher bekommt
Schwarz gutes Gegenspiel am Damenflügel.} 16. Rfe1 (16. a4 $6 bxa3 17. Rxa3 a4
18. Bxa4 (18. Bc4 Qc7 $132) 18... Bxa4 19. Rxa4 Rxa4 20. Qxa4 Qb6+ 21. Kh1 Qxb2
$15) 16... Re8 (16... a4 17. Bc4 Re8 18. Re3 Rc8 19. Rae1 Qc7 20. b3 $14) 17.
h4 Qc7 18. h5 Rac8 19. h6 Qc5 $11 {Sutovsky - Van Wely (Polanica Zdroj, 1999)})
12... a5 13. a4 ({Verrückte Komplikationen fangen an nach} 13. h5 a4 14. Bd5 e5
$132 {Bologan - Maze (Evry, 2008)}) 13... bxa4 (13... b4 14. Nd5 Nxd5 15. exd5
Bxd4 16. Qxd4 {Im Vergleich zu der Variante 12.0-0!? steht hier der weiße
König immer noch im Zentrum und das gibt Schwarz Gegenchancen. Trotzdem ist
die weiße Stellung etwas angenehmer zu spielen.} e5 $1 17. dxe6 Bxe6 18. O-O-O
$5 (18. Bxe6 Re8 19. O-O-O Rxe6 $132) 18... Bxb3 19. cxb3 Re8 20. Kb1 Re2 21.
h5 $36 {Berg - Smerdon (Liverpool, 2007)}) 14. Bxa4 {Bis jetzt wurde fast
ausschließlich 14.Nxa4 gespielt.} (14. Nxa4 Be6 15. Nb6 ({Nichts bringt} 15.
Bxe6 fxe6 16. b3 Qc7 17. Qc3 Qb7 $132 {Berg - Macieja (Oslo, 2009)}) 15... Ra6
16. Nd5 Bxd5 17. exd5 {denn Schwarz bekommt schnell das Gegenspiel am
Damenflügel:} Qc7 18. Ra4 Rb8 19. h5 (19. Kf2 h5 20. Re1 Ne8 21. Bxg7 Kxg7 22.
Rae4 a4 23. Qd4+ Nf6 24. Rxe7 Qb6 25. Qxb6 Raxb6 26. Bxa4 Rxb2 27. Kg3 Nxd5 $11
{Motylev - Kudrin (Minneapolis, 2005)}) 19... Nxh5 20. Bxg7 Kxg7 21. g4 Nf6 22.
Qh6+ Kg8 23. Rf4 Qc5 24. Rxf6 exf6 25. Kd1 (25. Qxh7+ Kf8 26. Qh8+ Ke7 27. Qxb8
Qe3+ 28. Kf1 Qxf3+ 29. Kg1 Qg3+ 30. Kf1 Qf3+ $11) 25... Rxb3 26. cxb3 Qxd5+ 27.
Kc2 Rc6+ 28. Kb1 Qd3+ 29. Ka2 g5 $15 {Shirov - Ivanchuk (Wijk aan Zee, 1999)})
14... h5 $5 $146 {Schwarz verhindert alle möglichen Angriffsversuche von Weiß.
Das kostet ihn jedoch einen Zug Zeit, was Weiß vielleicht ausnutzen kann, um
seine Initiative zu entwickeln.} (14... Bxa4 15. Rxa4 Qd7 16. O-O Qb7 17. Rfa1
Rfd8 18. b3 e5 19. Be3 d5 $132 {Jenni - Wirthensohn (Pontresina, 2000)}) 15.
O-O Rb8 16. Bxd7 (16. Bb3 Qc7 17. Nd5 $2 Nxd5 18. Bxg7 Kxg7 19. exd5 Qc5+ 20.
Rf2 a4 21. Bxa4 Bxa4 22. Rxa4 Rxb2 $17) 16... Nxd7 (16... Qxd7 {gleicht wohl
auch aus.} 17. b3 Qc7 (17... Rfc8 18. Rxa5 e5 19. Ba7 Qc7 20. Nd5 Nxd5 21. Qxd5
$14) 18. Ra4 Rfc8 19. Rc4 Qd8 20. Rxc8 Rxc8 $11 {Mit nur einem Turm kann Weiß
keinen starken Druck gegen den Bauern a5 entwickeln.}) 17. b3 Bxd4+ 18. Qxd4
Qb6 {Üblicherweise ist der Damentausch erwünscht für Weiß, aber in dieser
Stellung schafft es Schwarz sehr schnell, seinen schwachen Bauern a5
abzutauschen und er kann versuchen, auf Konter zu spielen.} 19. Qxb6 (19. Qf2
$1 {Das sieht sehr komisch aus, wäre aber die beste Fortsetzung gewesen. Durch
das Nehmen auf b6 bringt Weiß den schwarzen Springer dorthin, wo er den
Vormarsch a4 unterstützen kann.} Qxf2+ 20. Rxf2 (20. Kxf2 $4 Rfc8 $19) 20...
Ra8 21. Nd5 e6 22. Ne3 $14 {Schwarz hat nun eine weitere Schwäche auf d6. Weiß
hat einen kleinen Vorteil.}) 19... Nxb6 20. Nd1 (20. Ne2 Rfc8 21. c4 Nd7 (21...
a4 22. bxa4 Nxc4 23. a5 $14 {Der Bauer kann bei Gelegenheit gefährlich werden.}
) 22. Rxa5 Rxb3 23. Ra7 Ne5 24. Rxe7 Rxc4 $11) 20... Rfc8 21. Ne3 Ra8 $1 {
Schwarz bereitet den Zug 22....a4 vor, wonach seine einzige Schwäche - der
Bauer a5 - abgetauscht wird.} 22. Ra2 a4 23. Rfa1 axb3 24. Rxa8 Nxa8 $1 {
Sehr richtige Entscheidung - ein Paar Türme sollte Schwarz auf dem Brett
lassen, um die Möglichkeit zu haben, den Bauern b3 anzugreifen. Das
Springerendspiel dagegen ist eher zum weißen Vorteil.} (24... Rxa8 $6 25. Rxa8+
Nxa8 26. cxb3 e6 27. Kf2 Kf8 28. Ke2 Ke7 29. Kd3 Kd7 30. g4 $1 $14 {
/\gh-Ng2-Nf4}) 25. cxb3 Nb6 26. Ra7 Rc3 ({Zum selben Ergebnis führt} 26... Kf8
27. Rb7 Rc3 28. Kf2 Rxb3 29. Nc4 Rxf3+ 30. gxf3 Nxc4 $11) 27. Kf2 e6 {Der
sicherste Weg, in ein remisliches Endspiel zu gelangen.} (27... Rxb3 28. Rxe7
Rb2+ 29. Kf1 Rb1+ 30. Ke2 Rb2+ 31. Kd3 $14 {Weiß behält kleine Chancen dank
der besseren Position seiner Figuren, aber bei richtigem Spiel muss Schwarz
Remis machen können.}) 28. Rb7 (28. b4 Rb3 $15) 28... Rxb3 29. Nc4 Rxf3+ 30.
gxf3 Nxc4 31. Rb4 d5 32. exd5 exd5 33. Rb8+ Kg7 34. Rd8 Kf6 35. Rxd5 Ke6 36.
Rb5 Nd6 $11 {Weiß hat keine Chancen auf Gewinn.} 37. Ra5 Nf5 38. Ra6+ Ke5 39.
Ra5+ Ke6 40. Ra6+ Ke5 41. Ra5+ 1/2-1/2

[Event "Sofia MTel Masters 5th"]
[Site "Sofia"]
[Date "2009.05.22"]
[Round "9"]
[White "Carlsen, Magnus"]
[Black "Wang, Yue"]
[Result "1-0"]
[WhiteElo "2770"]
[BlackElo "2738"]
[Annotator "Rogozenco,D"]
[PlyCount "65"]
[EventDate "2009.05.13"]
[EventType "tourn"]
[EventRounds "10"]
[EventCountry "BUL"]
[EventCategory "21"]
[SourceTitle "CBM 131"]
[Source "ChessBase"]
[SourceDate "2009.07.15"]
[SourceVersion "1"]
[SourceVersionDate "2009.07.15"]
[SourceQuality "1"]

1. c4 c6 2. d4 d5 3. Nf3 Nf6 4. Nc3 a6 5. c5 Bf5 6. Nh4 Bg6 7. Bf4 (7. Qb3 Qc8
8. Nxg6 hxg6 9. e3 Nbd7 10. Bd2 e5 11. f4 exf4 12. exf4 Be7 13. O-O-O Nf8 14.
Bd3 Ne6 15. Ne2 Ng4 16. Rdf1 f5 $11 {1/2-1/2 Sasikiran,K (2694)-Movsesian,S 
(2732)/Dresden 2008 (24)}) 7... Nbd7 8. Nxg6 (8. e3 {should be answered with}
e5 $1 (8... e6 9. h3 Be7 10. Nxg6 hxg6 11. Bd3 Qc8 12. O-O O-O 13. b4 Re8 14.
Bh2 Bd8 15. f4 $14 {1-0 Anand,V (2791)-Wang Yue (2739)/Nice (rapid) 2009 (61)})
9. dxe5 (9. Bg3 Be7 $11 {0-1 Akobian,V (2612)-Lenderman,A (2434)/Ledyard 2009 
(34)}) (9. Bxe5 Nxe5 10. dxe5 Nd7 $132) 9... Nh5 {with good play for Black})
8... hxg6 9. h3 (9. e3 e5 $1) 9... b6 $146 (9... e5 10. dxe5 Ng4 (10... Qc7 11.
b4 Nxe5 12. e3 $14) (10... Nh5 $5 11. Bh2 Bxc5 $13 12. g4 $140 Qb6 13. e3 Qxb2
14. Rc1 d4 $1) 11. e4 Ngxe5 (11... Ndxe5 $2 12. hxg4 Rxh1 13. Bxe5) 12. exd5
Bxc5 13. dxc6 $14) (9... e6 10. e3 Be7 11. Bd3 Qc8 {now the best for White is}
12. O-O $14 {which transposes to the aforementioned game Anand-Wang Yue, see 8.
e3 e6 above.}) 10. cxb6 (10. b4 $2 bxc5 11. bxc5 e5 12. dxe5 Bxc5 $1 13. exf6
Qxf6 {[%csl Rc3,Rf4]} 14. Qc1 (14. Qd2 $2 Bb4) 14... Bd4 (14... Bb4 $2 15. Bd2)
15. Bd2 Bxf2+ 16. Kd1 O-O $17) 10... Qxb6 11. Rb1 e6 12. e3 c5 13. a3 Bd6 (
13... cxd4 $142 14. exd4 Bd6 15. Be3 O-O 16. Bd3 $14 {/=}) (13... Be7 14. dxc5
Nxc5 15. b4 $14) 14. Na4 Qc7 (14... Qa5+ $2 15. b4 cxb4 16. Bxd6 b3+ 17. Bb4
Qxa4 18. Rxb3 $16) 15. Bxd6 Qxd6 16. Nxc5 Nxc5 17. dxc5 Qxc5 18. Qa4+ Ke7 19.
Bd3 a5 20. Ke2 $14 {The king leaves the first rank so that later Black takes
on c1 without check. White has a slight advantage, but with accurate play
Black should be able to neutralize it.} (20. O-O Rhc8 $11) 20... Rhc8 (20... d4
$142 $1 21. Qxd4 (21. exd4 Qh5+ 22. g4 Qd5 $44) 21... Qxd4 22. exd4 Rhd8 23.
Rhc1 Rxd4 $14 {/=}) 21. Rhc1 Qxc1 (21... Qb6 22. Rxc8 Rxc8 23. b4 $14) 22. Rxc1
Rxc1 23. b4 Kf8 $6 (23... e5 24. Kd2 $14 (24. Qb5 $5)) (23... Ne4 24. Bxe4 dxe4
25. b5 $14) 24. bxa5 Kg8 25. a6 $16 Rc7 26. Qf4 Rca7 27. Qd4 Ne4 (27... Rc7 28.
Qb6 Rca7 29. h4 $16) 28. Qb6 e5 $6 (28... Nf6 $142 29. h4 $16) 29. Ke1 Ng5 30.
Bb5 Ne6 31. a4 $18 d4 (31... Kh7 32. a5 Kg8 33. Bc6 Rxa6 34. Bxa8 Rxb6 35. axb6
$18) 32. a5 Rc7 (32... dxe3 33. fxe3 Nf8 (33... g5 34. Ke2 g6 35. Bc6 Rxa6 36.
Bxa8 Rxb6 37. axb6 Nc5 38. Bd5 $18) 34. Bc4 (34. Bc6 Rxa6 35. Bxa8 Rxb6 36.
axb6 Nd7 37. b7 $11 {[%csl Ra8]}) 34... Kh7 35. Qb5 f6 36. Bd5 $18) 33. Bc6 (
33. Bc6 Raa7 34. Bb7 $18) 1-0

[Event "Sofia MTel Masters 5th"]
[Site "Sofia"]
[Date "2009.05.23"]
[Round "10"]
[White "Shirov, Alexei"]
[Black "Carlsen, Magnus"]
[Result "1-0"]
[WhiteElo "2745"]
[BlackElo "2770"]
[Annotator "Rogozenco,D"]
[PlyCount "59"]
[EventDate "2009.05.13"]
[EventType "tourn"]
[EventRounds "10"]
[EventCountry "BUL"]
[EventCategory "21"]
[SourceTitle "CBM 131"]
[Source "ChessBase"]
[SourceDate "2009.07.15"]
[SourceVersion "1"]
[SourceVersionDate "2009.07.15"]
[SourceQuality "1"]

{[%mdl 2]} 1. e4 c5 2. Nf3 Nc6 3. d4 cxd4 4. Nxd4 Nf6 5. Nc3 e5 6. Ndb5 d6 7.
Bg5 a6 8. Na3 b5 9. Bxf6 gxf6 10. Nd5 Bg7 11. Bd3 Ne7 12. Nxe7 Qxe7 13. c4 f5
14. O-O O-O 15. Qh5 {This used to be the main variation in the line 10...Bg7.
However, in the past decade 15.Qh5 has been almost completely overshadowed by
15.Qf3.} Rb8 16. exf5 e4 17. Rae1 Bb7 18. Qg4 Rfe8 19. cxb5 d5 20. bxa6 Bc6 21.
b3 {A rare move, which after this game might bring new life into the entire 15.
Qh5 variation. Shirov is not afraid to give his opponent attacking
possibilities. Such a materialistic approach needs to be supported by deep
home analysis.} (21. f3 {is considered to lead to equality after} h5) (21. a7
Rxb2 {is also not problematic for Black.}) 21... Kh8 $146 {Although this plan
didn't work in the present game, it is difficult to believe that White's
queenside pawns are worth more than Black's attacking prospects on the
kingside and the strong pawn centre.} (21... h5 22. Qg3 Kf8 23. Nb1 $6 Be5 24.
f4 Bf6 25. Qf2 $6 Qb4 $1 26. a3 Qd4 $17 {0-1 Koch,J (2453)-San Emeterio
Cabanes,J (2392)/Le Port Marly 2009 (38)}) (21... Bd7 22. a7 Rb7 23. Nc4 $1 Rd8
24. Ne3 exd3 25. Nxd5 Qd6 26. Qg5 $2 (26. Qh4 Bxf5 (26... Bb5 27. f6 $18) 27.
Ne7+ Rxe7 28. Qxe7 $14) 26... f6 27. Qg4 Bc6 $17 {0-1 Fier,A (2526)-Cordova,E 
(2477)/Buenos Aires 2007 (43)}) (21... Qxa3 $2 22. f6 Qf8 23. Be2 $18) 22. Nc2
Be5 23. Be2 d4 ({Not} 23... Rg8 24. Qh5 Rg5 25. Qh6 f6 26. Rd1 {[%cal Gc2d4,
Gc2e3]} Qc5 27. Ne3 Rbg8 28. Rc1 Qb6 29. g3 $16 {/+-}) 24. Bc4 Rg8 25. Qh3 (25.
Qh5 {can lead to the same position as in the game:} Rg7 ({Besides, Black has
an additional possibility} 25... e3 26. g3 Qd6 27. Qh4 Ba8 $44) 26. g3 Rbg8 27.
Qh6 (27. a3 e3 28. Nxe3 dxe3 29. Rxe3 Qf6 $13)) 25... Rg7 ({A reasonable
alternative is} 25... e3 {Then after} 26. g3 Qd6 (26... Qc5 27. Qh4 $16) {
the strongest for White is} 27. Rd1 $1 (27. Bxf7 Rg7 28. Bc4 exf2+ 29. Kxf2 d3
$36) (27. Nxe3 dxe3 28. Rxe3 Bd4 $13) 27... exf2+ 28. Kxf2 Be4 29. Ne1 $1 {
Black has compensation, but it is not clear whether it's enough.}) 26. g3 Rbg8
27. Qh6 {The critical position for the evaluation of 21...Kh8.} Qc7 $2 {
Up till now Carlsen played all logical moves, but now he goes wrong. The point
is that the sacrifices on g3 don't work out for Black and therefore 27...Qc7
is useless. Now Shirov can transfer the knight to d5 with tempo, decisively
improving White's position.} ({After} 27... Ba8 {Black has visible
compensation, especially from the "human" point of view. Nevertheless with
accurate "computer" moves White can defend and remain with slightly better
prospects.} 28. Rd1 (28. a3 {[%cal Gc2b4]} Rg5 $5 (28... e3 29. Nxe3 $1 dxe3
30. Qxe3 Re8 31. f4 Bf6 32. Qxe7 Rxe7 33. Rxe7 Bxe7 34. b4 $18) (28... Qc5 $44)
29. Rd1 (29. Qh3 e3 $40 30. f4 $140 Rg4 31. fxe5 Rh4 $1 $19) (29. f4 exf3 30.
Rf2 (30. Kf2 $2 Rxg3 $19) 30... Qc7 31. Kf1 (31. Kh1 $2 Bxg3 32. Re8 Bf4 33.
Qf6+ R5g7 34. Rxg8+ Kxg8 35. Qxd4 Rg2 $19) 31... Bxg3 32. Re8 Rxe8 (32... Bf4
33. Qf6+ R5g7 34. Rxg8+ Kxg8 35. Qxd4 $16) 33. Qxg5 Bxf2 34. Qf6+ Kg8 35. Qg5+
$11) 29... e3 $40) 28... Qc5 $5 (28... e3 29. Nxe3 $1 dxe3 30. f6 $1 (30. Qxe3
Bxg3 31. hxg3 Rxg3+ 32. Qxg3 Qh4 33. Bd5 $11) 30... Bxf6 31. Qxe3 Qc7 32. Bd5
Qa5 33. Bb7 Bxb7 34. axb7 Qc7 35. Qe4 Rb8 36. Qf5 Rg6 37. Rd7 Qc6 38. Rxf7 Rxb7
39. Rxb7 Qxb7 $14) 29. Rfe1 ({Worse is} 29. Rc1 e3 30. Ne1 Bd6 $44 {[%cal
Gc5f5]}) 29... e3 30. Kf1 $1 {The best defence against the sacrifice on g3.} (
30. Nxe3 dxe3 31. Qxe3 Bxg3 $1 32. Qxc5 Bd6+ 33. Kf1 Bxc5 $15) 30... Rg5 (30...
Bxg3 31. hxg3 Rxg3 32. fxg3 Qxf5+ {doesn't work in view of} 33. Qf4 $18) 31.
Nxe3 dxe3 32. Rd8 $1 e2+ 33. Rxe2 Rxd8 34. Qxg5 Rd1+ 35. Re1 Rxe1+ 36. Kxe1 Qd4
37. Qe3 $14) 28. Nb4 {Immediately exploiting the fact that the b4-square is no
longer controlled by the opponent's queen. As the result Black loses the
e4-pawn and the long diagonal remains closed. Suddenly White is easily winning.
} Ba8 (28... Bxg3 {is answered by the cool} 29. fxg3 Rxg3+ 30. Kh1 {and it's
over for Black.}) 29. Nd5 Qd8 (29... Qd7 30. Rxe4 Qxf5 31. Qh4 d3 32. Re3 $18)
(29... Bxd5 30. Bxd5 e3 {creates no threats at all, since the control over
diagonal a8-h1 secures White's defence against any threats on the g-file.} 31.
Qc6 $18) 30. Rxe4 (30. Rxe4 f6 31. Rxe5 fxe5 32. Nf6 Rf8 33. Nh5 Ra7 34. f6 $18
{[%cal Gh6g7]}) 1-0